[Event "V4Liptov2018"]
[Site "?"]
[Date "2018.06.27"]
[Round "8.19"]
[White "Bango, Dominik"]
[Black "Gemsova, Tereza"]
[Result "1-0"]
[BlackElo "1578"]
[WhiteElo "1861"]
[LiveChessVersion "1.4.8"]

1. e4 {[%clk 1:00:59]} e5 {[%clk 1:00:50]} 2. Nf3 {[%clk 1:01:25]} Nc6
{[%clk 1:01:13]} 3. Bb5 {[%clk 1:01:52]} Bc5 {[%clk 1:01:00]} 4. O-O
{[%clk 1:02:12]} d6 {[%clk 1:01:09]} 5. h3 {[%clk 1:02:04]} Bd7 {[%clk 1:00:54]}
6. c3 {[%clk 1:01:44]} a6 {[%clk 1:00:57]} 7. Ba4 {[%clk 1:02:06]} b5
{[%clk 0:55:03]} 8. Bb3 {[%clk 1:01:21]} Na5 {[%clk 0:53:58]} 9. Bc2
{[%clk 1:01:36]} Bb6 {[%clk 0:52:57]} 10. d4 {[%clk 1:01:21]} Qe7
{[%clk 0:52:19]} 11. Re1 {[%clk 0:59:35]} h6 {[%clk 0:50:21]} 12. Nbd2
{[%clk 0:58:53]} Nf6 {[%clk 0:50:07]} 13. b4 {[%clk 0:58:05]} Nb7
{[%clk 0:50:08]} 14. Nf1 {[%clk 0:58:29]} c5 {[%clk 0:49:37]} 15. bxc5
{[%clk 0:56:27]} Ba5 {[%clk 0:49:05]} 16. cxd6 {[%clk 0:55:13]} Qxd6
{[%clk 0:48:40]} 17. dxe5 {[%clk 0:55:34]} Qxd1 {[%clk 0:48:11]} 18. Rxd1
{[%clk 0:55:53]} Bxc3 {[%clk 0:47:56]} 19. Rb1 {[%clk 0:55:25]} Nh7
{[%clk 0:46:49]} 20. Bb2 {[%clk 0:54:30]} Rc8 {[%clk 0:42:22]} 21. Bb3
{[%clk 0:54:21]} Bxb2 {[%clk 0:38:20]} 22. Rxb2 {[%clk 0:38:57]} Nc5
{[%clk 0:35:21]} 23. Ng3 {[%clk 0:34:08]} O-O {[%clk 0:33:23]} 24. Nf5
{[%clk 0:33:33]} Rc7 {[%clk 0:29:52]} 25. Nd6 {[%clk 0:33:07]} Be6
{[%clk 0:25:47]} 26. Nd4 {[%clk 0:31:21]} Ng5 {[%clk 0:22:25]} 27. f3
{[%clk 0:30:40]} Bxb3 {[%clk 0:21:35]} 28. Nxb3 {[%clk 0:30:53]} Nge6
{[%clk 0:20:44]} 29. Nd4 {[%clk 0:29:29]} Na4 {[%clk 0:16:38]} 30. Rc2
{[%clk 0:28:26]} Nac5 {[%clk 0:13:30]} 31. Nxe6 {[%clk 0:28:02]} Nxe6
{[%clk 0:13:49]} 32. Rxc7 {[%clk 0:28:28]} Nxc7 {[%clk 0:14:02]} 33. Rc1
{[%clk 0:28:55]} Ne6 {[%clk 0:14:17]} 34. Rc6 {[%clk 0:29:21]} Ra8
{[%clk 0:14:04]} 35. Rb6 {[%clk 0:28:53]} Ra7 {[%clk 0:12:18]} 36. Kf2
{[%clk 0:28:01]} Nc5 {[%clk 0:11:33]} 37. f4 {[%clk 0:25:24]} Nd3+
{[%clk 0:10:11]} 38. Ke3 {[%clk 0:23:14]} Nb4 {[%clk 0:10:06]} 39. Rb8+
{[%clk 0:23:33]} Kh7 {[%clk 0:10:05]} 40. Rf8 {[%clk 0:23:59]} Nxa2
{[%clk 0:09:26]} 41. Rxf7 {[%clk 0:24:25]} Rxf7 {[%clk 0:08:02]} 42. Nxf7
{[%clk 0:24:50]} b4 {[%clk 0:08:26]} 43. Nd6 {[%clk 0:24:59]} b3 {[%clk 0:07:38]}
44. Kd2 {[%clk 0:25:02]} Kg8 {[%clk 0:06:22]} 45. Nc4 {[%clk 0:24:02]} a5
{[%clk 0:06:02]} 46. Nxa5 {[%clk 0:23:23]} b2 {[%clk 0:06:27]} 47. Kc2
{[%clk 0:23:30]} Nc1 {[%clk 0:06:54]} 48. Nc4 {[%clk 0:20:53]} Ne2
{[%clk 0:05:26]} 49. f5 {[%clk 0:20:55]} Nf4 {[%clk 0:05:16]} 50. Ne3
{[%clk 0:19:21]} 1-0

[Event "V4Liptov2018"]
[Site "?"]
[Date "2018.06.27"]
[Round "8.20"]
[White "Andel, Vit"]
[Black "Kramar, Matus"]
[Result "1-0"]
[BlackElo "1680"]
[WhiteElo "1520"]
[LiveChessVersion "1.4.8"]

1. e4 {[%clk 1:00:39]} c5 {[%clk 1:00:53]} 2. Nf3 {[%clk 1:01:04]} d6
{[%clk 1:00:35]} 3. d4 {[%clk 1:01:21]} cxd4 {[%clk 1:01:04]} 4. Nxd4
{[%clk 1:01:34]} Nf6 {[%clk 1:01:31]} 5. Nc3 {[%clk 1:01:54]} g6 {[%clk 1:01:56]}
6. Be2 {[%clk 1:01:16]} Bg7 {[%clk 1:02:21]} 7. Be3 {[%clk 1:00:44]} O-O
{[%clk 1:02:42]} 8. Qd2 {[%clk 1:00:54]} Bd7 {[%clk 1:03:07]} 9. O-O-O
{[%clk 1:00:46]} Nc6 {[%clk 1:03:28]} 10. f3 {[%clk 0:57:48]} Rc8
{[%clk 1:03:14]} 11. Rdg1 {[%clk 0:57:19]} Qa5 {[%clk 1:01:55]} 12. g4
{[%clk 0:56:20]} Nxd4 {[%clk 1:01:51]} 13. Bxd4 {[%clk 0:55:50]} b5
{[%clk 1:02:05]} 14. h4 {[%clk 0:19:46]} b4 {[%clk 1:00:42]} 15. Nb1
{[%clk 0:19:56]} Qxa2 {[%clk 1:00:48]} 16. h5 {[%clk 0:16:36]} Ba4
{[%clk 0:59:05]} 17. Bd3 {[%clk 0:16:09]} Rc7 {[%clk 0:42:12]} 18. hxg6
{[%clk 0:14:02]} fxg6 {[%clk 0:42:30]} 19. g5 {[%clk 0:13:26]} Nh5
{[%clk 0:42:43]} 20. Bxg7 {[%clk 0:12:49]} Kxg7 {[%clk 0:42:24]} 21. Qxb4
{[%clk 0:03:17]} Rfc8 {[%clk 0:41:33]} 22. c3 {[%clk 0:02:03]} Kg8
{[%clk 0:35:03]} 23. Qa3 {[%clk 0:01:32]} Qxa3 {[%clk 0:34:27]} 24. Nxa3
{[%clk 0:01:52]} Nf4 25. Ba6 {[%clk 0:01:59]} Rf8 {[%clk 0:31:42]} 26. Bc4+
{[%clk 0:02:05]} Kg7 {[%clk 0:31:29]} 27. Rh2 {[%clk 0:02:09]} Nh5
{[%clk 0:27:52]} 28. Rf1 {[%clk 0:01:33]} Rf4 {[%clk 0:26:06]} 29. Be2
{[%clk 0:01:50]} Rc8 {[%clk 0:25:42]} 30. Rfh1 {[%clk 0:01:55]} Rcf8
{[%clk 0:25:27]} 31. Nc2 {[%clk 0:01:53]} Rh8 {[%clk 0:20:29]} 32. Nd4
{[%clk 0:02:08]} Bd7 {[%clk 0:20:36]} 33. Bc4 {[%clk 0:02:23]} e5
{[%clk 0:18:09]} 34. Ne6+ {[%clk 0:02:29]} Bxe6 {[%clk 0:18:37]} 35. Bxe6
{[%clk 0:02:58]} Ng3 {[%clk 0:18:22]} 36. Rg1 {[%clk 0:03:12]} Rxf3
{[%clk 0:17:38]} 37. Bg4 {[%clk 0:03:35]} Rf1+ {[%clk 0:17:16]} 38. Rxf1
{[%clk 0:03:36]} Nxf1 {[%clk 0:17:44]} 39. Rf2 {[%clk 0:03:57]} Ng3
{[%clk 0:17:17]} 40. Be6 {[%clk 0:03:44]} Rf8 {[%clk 0:17:07]} 41. Rd2
{[%clk 0:03:11]} Nxe4 {[%clk 0:16:38]} 42. Rd5 {[%clk 0:03:27]} Re8
{[%clk 0:14:21]} 43. Bg4 {[%clk 0:03:03]} Rd8 {[%clk 0:14:03]} 44. Ra5
{[%clk 0:03:19]} Nxg5 {[%clk 0:13:21]} 45. Rxa7+ {[%clk 0:03:37]} Kf6
{[%clk 0:12:57]} 46. Kd1 {[%clk 0:03:43]} h5 {[%clk 0:11:00]} 47. Be2
{[%clk 0:02:32]} Rh8 {[%clk 0:11:00]} 48. Bc4 {[%clk 0:02:32]} h4
{[%clk 0:11:04]} 49. Ke1 {[%clk 0:02:56]} Nf3+ {[%clk 0:09:55]} 50. Kf2
{[%clk 0:02:56]} Ng5 {[%clk 0:10:07]} 51. Bd5 {[%clk 0:02:41]} e4
{[%clk 0:09:45]} 52. b4 {[%clk 0:01:32]} Ke5 {[%clk 0:09:30]} 53. Bc6
{[%clk 0:01:37]} h3 {[%clk 0:06:31]} 54. Kg1 {[%clk 0:01:59]} d5 {[%clk 0:06:10]}
55. b5 {[%clk 0:02:15]} e3 {[%clk 0:06:20]} 56. Re7+ {[%clk 0:02:37]} Kf4
{[%clk 0:06:22]} 57. b6 {[%clk 0:02:36]} Rd8 {[%clk 0:00:47]} 58. b7
{[%clk 0:02:41]} 1-0

[Event "V4Liptov2018"]
[Site "?"]
[Date "2018.06.27"]
[Round "8.21"]
[White "Durica, Adam"]
[Black "Lengyel, Andrea"]
[Result "1-0"]
[BlackElo "1938"]
[WhiteElo "1950"]
[LiveChessVersion "1.4.8"]

1. Nf3 {[%clk 1:00:56]} c5 {[%clk 0:59:36]} 2. c4 {[%clk 1:01:17]} Nc6
{[%clk 0:59:44]} 3. Nc3 {[%clk 1:01:35]} g6 {[%clk 0:59:47]} 4. g3
{[%clk 1:01:48]} Bg7 {[%clk 1:00:14]} 5. Bg2 {[%clk 1:02:11]} d6 {[%clk 1:00:31]}
6. O-O {[%clk 1:01:51]} e5 {[%clk 1:00:11]} 7. d3 {[%clk 1:01:25]} Nge7
{[%clk 1:00:13]} 8. Ne1 {[%clk 1:00:44]} O-O {[%clk 1:00:16]} 9. f4
{[%clk 1:00:10]} f5 {[%clk 1:00:29]} 10. e3 {[%clk 0:59:38]} Be6 {[%clk 1:00:24]}
11. Nf3 {[%clk 0:55:39]} h6 {[%clk 0:58:19]} 12. Qe2 {[%clk 0:55:19]} d5
{[%clk 0:51:43]} 13. Rd1 {[%clk 0:52:21]} Qc8 {[%clk 0:45:32]} 14. cxd5
{[%clk 0:50:38]} Nxd5 {[%clk 0:45:25]} 15. Nxd5 {[%clk 0:50:24]} Bxd5
{[%clk 0:45:31]} 16. Nxe5 {[%clk 0:50:42]} Bxg2 {[%clk 0:45:39]} 17. Qxg2
{[%clk 0:50:44]} Bxe5 {[%clk 0:43:59]} 18. fxe5 {[%clk 0:50:59]} Nxe5
{[%clk 0:44:00]} 19. Qd5+ {[%clk 0:49:49]} Nf7 {[%clk 0:44:23]} 20. b3
{[%clk 0:49:41]} Re8 {[%clk 0:41:31]} 21. Re1 {[%clk 0:45:56]} b6
{[%clk 0:38:40]} 22. Bb2 {[%clk 0:45:32]} Qe6 {[%clk 0:38:59]} 23. Qxe6
{[%clk 0:44:57]} Rxe6 {[%clk 0:39:27]} 24. Rad1 {[%clk 0:43:41]} Rd8
{[%clk 0:39:35]} 25. Kf2 {[%clk 0:41:21]} Ne5 {[%clk 0:39:28]} 26. Bxe5
{[%clk 0:41:42]} Rxe5 {[%clk 0:39:55]} 27. Re2 {[%clk 0:41:41]} Kf7
{[%clk 0:38:12]} 28. Kf3 {[%clk 0:41:23]} Kf6 {[%clk 0:37:03]} 29. h4
{[%clk 0:40:35]} Red5 {[%clk 0:33:13]} 30. Red2 {[%clk 0:40:45]} g5
{[%clk 0:31:28]} 31. d4 {[%clk 0:38:30]} g4+ {[%clk 0:30:51]} 32. Kf2
{[%clk 0:38:40]} Re8 {[%clk 0:27:30]} 33. dxc5 {[%clk 0:35:05]} Rxc5
{[%clk 0:27:47]} 34. Rd6+ {[%clk 0:35:09]} Re6 {[%clk 0:28:05]} 35. Ke2
{[%clk 0:34:43]} Rc2+ {[%clk 0:25:34]} 36. R1d2 {[%clk 0:34:53]} Rc3
{[%clk 0:24:45]} 37. Rxe6+ {[%clk 0:33:43]} Kxe6 {[%clk 0:25:13]} 38. Kf2
{[%clk 0:33:53]} Ke5 {[%clk 0:24:31]} 39. Ke2 {[%clk 0:33:50]} a5
{[%clk 0:23:27]} 40. Kf2 {[%clk 0:32:10]} b5 {[%clk 0:22:33]} 41. Ke2
{[%clk 0:31:24]} a4 {[%clk 0:22:26]} 42. bxa4 {[%clk 0:31:37]} bxa4
{[%clk 0:22:55]} 43. Rb2 {[%clk 0:31:52]} a3 {[%clk 0:22:36]} 44. Rb5+
{[%clk 0:31:53]} Ke4 {[%clk 0:21:10]} 45. Rb4+ {[%clk 0:32:17]} Kd5
{[%clk 0:21:35]} 46. Kd2 {[%clk 0:32:42]} Rc4 {[%clk 0:19:22]} 47. Rb3
{[%clk 0:31:01]} Ke4 {[%clk 0:19:25]} 48. Rxa3 {[%clk 0:29:58]} Kf3
{[%clk 0:19:50]} 49. e4+ {[%clk 0:30:20]} Kxe4 {[%clk 0:19:35]} 50. Re3+
{[%clk 0:30:07]} Kd5 {[%clk 0:19:58]} 51. Rd3+ {[%clk 0:27:33]} Ke5
{[%clk 0:20:00]} 52. Ke3 {[%clk 0:25:44]} Rc2 {[%clk 0:19:39]} 53. Ra3
{[%clk 0:25:34]} Rg2 {[%clk 0:18:39]} 54. Ra5+ {[%clk 0:25:55]} Kf6
{[%clk 0:18:36]} 55. Ra6+ {[%clk 0:25:38]} Kg7 {[%clk 0:18:34]} 56. Kf4
{[%clk 0:25:00]} Rf2+ {[%clk 0:18:37]} 57. Ke5 {[%clk 0:25:12]} Rf3
{[%clk 0:18:03]} 58. a4 {[%clk 0:24:22]} f4 {[%clk 0:17:55]} 59. gxf4
{[%clk 0:24:34]} g3 {[%clk 0:14:31]} 60. Kf5 {[%clk 0:24:51]} Rxf4+
{[%clk 0:11:40]} 61. Kxf4 {[%clk 0:25:03]} g2 {[%clk 0:11:58]} 62. h5
{[%clk 0:24:45]} 1-0

[Event "V4Liptov2018"]
[Site "?"]
[Date "2018.06.27"]
[Round "8.22"]
[White "Zlotov, Viktor"]
[Black "Holly, Andrej"]
[Result "1/2-1/2"]
[BlackElo "1924"]
[WhiteElo "1630"]
[LiveChessVersion "1.4.8"]

1. e4 {[%clk 1:00:58]} c5 {[%clk 1:00:56]} 2. Nf3 {[%clk 1:01:24]} Nc6
{[%clk 1:01:23]} 3. d4 {[%clk 1:01:46]} cxd4 {[%clk 1:01:51]} 4. Nxd4
{[%clk 1:02:07]} g6 {[%clk 1:02:13]} 5. Nc3 {[%clk 1:02:03]} Bg7 {[%clk 1:02:39]}
6. Be3 {[%clk 1:02:26]} Nf6 {[%clk 1:03:04]} 7. Bc4 {[%clk 1:02:46]} O-O
{[%clk 1:03:29]} 8. Bb3 {[%clk 1:03:12]} d6 {[%clk 1:03:15]} 9. f3
{[%clk 1:03:34]} Bd7 {[%clk 1:03:18]} 10. Qd2 {[%clk 1:03:49]} Na5
{[%clk 1:03:41]} 11. h4 {[%clk 1:00:09]} h5 {[%clk 1:02:03]} 12. O-O-O
{[%clk 0:58:45]} Nxb3+ {[%clk 1:01:52]} 13. Nxb3 {[%clk 0:59:06]} b5
{[%clk 0:57:31]} 14. g4 {[%clk 0:57:46]} a5 {[%clk 0:53:16]} 15. Nd5
{[%clk 0:55:18]} Nxd5 {[%clk 0:45:20]} 16. exd5 {[%clk 0:55:29]} a4
{[%clk 0:26:39]} 17. Nd4 {[%clk 0:55:30]} b4 {[%clk 0:26:52]} 18. gxh5
{[%clk 0:54:11]} b3 {[%clk 0:25:23]} 19. cxb3 {[%clk 0:53:51]} axb3
{[%clk 0:22:20]} 20. a3 {[%clk 0:53:36]} Qc8+ {[%clk 0:18:55]} 21. Kb1
{[%clk 0:49:58]} Bf5+ {[%clk 0:19:20]} 22. Nxf5 {[%clk 0:50:19]} Qxf5+
{[%clk 0:19:44]} 23. Qd3 {[%clk 0:50:40]} Qxh5 {[%clk 0:18:51]} 24. Rhg1
{[%clk 0:38:59]} Rfc8 {[%clk 0:16:58]} 25. Rd2 {[%clk 0:36:08]} Qxh4
{[%clk 0:11:39]} 26. f4 {[%clk 0:33:36]} Qf6 {[%clk 0:10:38]} 27. f5
{[%clk 0:33:11]} Rc2 {[%clk 0:10:48]} 28. Rxc2 {[%clk 0:33:33]} bxc2+
{[%clk 0:11:12]} 29. Qxc2 {[%clk 0:30:45]} Rb8 {[%clk 0:10:24]} 30. Rg2
{[%clk 0:30:01]} Qe5 {[%clk 0:06:34]} 31. Bc1 {[%clk 0:29:24]} Qxd5
{[%clk 0:05:10]} 32. fxg6 {[%clk 0:29:30]} fxg6 {[%clk 0:05:21]} 33. Qxg6
{[%clk 0:29:14]} Qe5 {[%clk 0:05:37]} 34. Ka1 {[%clk 0:26:51]} Ra8
{[%clk 0:04:10]} 35. Kb1 {[%clk 0:26:41]} 1/2-1/2

[Event "V4Liptov2018"]
[Site "?"]
[Date "2018.06.27"]
[Round "8.23"]
[White "Sivcak, Matej"]
[Black "Grimm, Balazs"]
[Result "1/2-1/2"]
[BlackElo "1731"]
[WhiteElo "1879"]
[LiveChessVersion "1.4.8"]

1. d4 {[%clk 1:00:45]} d5 {[%clk 1:00:54]} 2. e3 {[%clk 1:00:44]} g6
{[%clk 1:01:04]} 3. Bd3 {[%clk 1:01:05]} Bg7 {[%clk 1:01:24]} 4. Nf3
{[%clk 1:01:26]} Nf6 {[%clk 1:01:42]} 5. O-O {[%clk 1:01:46]} O-O
{[%clk 1:02:06]} 6. Nbd2 {[%clk 1:02:08]} Nbd7 {[%clk 1:02:05]} 7. b3
{[%clk 1:00:46]} c5 {[%clk 1:02:24]} 8. Bb2 {[%clk 1:00:50]} b6 {[%clk 1:02:07]}
9. Qe2 {[%clk 1:00:39]} Bb7 {[%clk 1:02:27]} 10. Rfe1 {[%clk 0:53:47]} Ne4
{[%clk 1:01:14]} 11. Bxe4 {[%clk 0:51:32]} dxe4 {[%clk 1:01:35]} 12. Ng5
{[%clk 0:51:30]} Nf6 {[%clk 1:01:38]} 13. dxc5 {[%clk 0:51:04]} bxc5
{[%clk 1:02:04]} 14. Rad1 {[%clk 0:34:24]} Qc7 {[%clk 1:02:15]} 15. Bxf6
{[%clk 0:32:37]} exf6 {[%clk 1:02:01]} 16. Ngxe4 {[%clk 0:31:57]} f5
{[%clk 1:02:17]} 17. Ng3 {[%clk 0:26:46]} Rfe8 {[%clk 1:02:17]} 18. Qc4
{[%clk 0:24:40]} a5 {[%clk 1:01:35]} 19. Nf3 {[%clk 0:24:00]} Ba6
{[%clk 1:01:37]} 20. Qf4 {[%clk 0:21:02]} Qe7 {[%clk 0:59:48]} 21. Qd6
{[%clk 0:20:13]} Qxd6 {[%clk 0:59:39]} 22. Rxd6 {[%clk 0:20:42]} Bb7
{[%clk 0:59:56]} 23. Red1 {[%clk 0:20:43]} a4 {[%clk 0:59:48]} 24. Rb6
{[%clk 0:17:07]} axb3 {[%clk 0:59:19]} 25. cxb3 {[%clk 0:17:15]} Bxf3
{[%clk 0:59:40]} 26. gxf3 {[%clk 0:17:07]} Rxa2 {[%clk 1:00:04]} 27. Nf1
{[%clk 0:16:03]} Rb2 {[%clk 0:59:45]} 28. Rb5 {[%clk 0:15:21]} Rc8
{[%clk 0:59:22]} 29. Rd2 {[%clk 0:13:08]} Rb1 {[%clk 0:59:25]} 30. Rc2
{[%clk 0:13:24]} Bf8 {[%clk 0:58:56]} 31. Kg2 {[%clk 0:13:32]} Ra1
{[%clk 0:59:07]} 32. Nd2 {[%clk 0:13:42]} Raa8 {[%clk 0:59:26]} 33. Nc4
{[%clk 0:10:53]} Rab8 {[%clk 0:50:16]} 34. Rxb8 {[%clk 0:10:52]} Rxb8
{[%clk 0:50:41]} 35. Rc3 {[%clk 0:10:58]} f6 {[%clk 0:50:04]} 36. Rd3
{[%clk 0:10:37]} Kf7 {[%clk 0:50:08]} 37. e4 {[%clk 0:06:50]} fxe4
{[%clk 0:42:37]} 1/2-1/2

[Event "V4Liptov2018"]
[Site "?"]
[Date "2018.06.27"]
[Round "8.24"]
[White "Kovacs, Lilla"]
[Black "Korenova, Simona"]
[Result "1/2-1/2"]
[BlackElo "1736"]
[WhiteElo "1640"]
[LiveChessVersion "1.4.8"]

1. d4 {[%clk 1:00:54]} d5 {[%clk 1:00:46]} 2. c4 {[%clk 1:01:19]} c6
{[%clk 1:01:14]} 3. Nc3 {[%clk 1:01:36]} Nf6 {[%clk 1:01:18]} 4. e3
{[%clk 1:00:17]} e6 {[%clk 1:01:24]} 5. Nf3 {[%clk 1:00:35]} Be7 {[%clk 1:01:39]}
6. Bd3 {[%clk 1:00:15]} dxc4 {[%clk 1:01:14]} 7. Bxc4 {[%clk 1:00:35]} b5
{[%clk 1:01:35]} 8. Bd3 {[%clk 0:59:11]} O-O {[%clk 1:01:03]} 9. O-O
{[%clk 0:59:17]} a6 {[%clk 1:01:06]} 10. Qc2 {[%clk 0:56:49]} h6 {[%clk 1:00:08]}
11. Ne4 {[%clk 0:53:21]} Nxe4 {[%clk 0:57:44]} 12. Bxe4 {[%clk 0:53:36]} Bb7
{[%clk 0:52:51]} 13. Bd2 {[%clk 0:47:34]} Nd7 {[%clk 0:51:37]} 14. Rac1
{[%clk 0:38:30]} Rc8 {[%clk 0:47:31]} 15. b4 {[%clk 0:28:04]} Nb6
{[%clk 0:42:02]} 16. Ne5 {[%clk 0:22:09]} Nd5 {[%clk 0:39:44]} 17. a3
{[%clk 0:20:08]} Bd6 {[%clk 0:33:16]} 18. f4 {[%clk 0:16:39]} f5 {[%clk 0:28:02]}
19. Bd3 {[%clk 0:12:44]} a5 {[%clk 0:16:42]} 20. bxa5 {[%clk 0:09:58]} Bxa3
{[%clk 0:17:00]} 21. Ra1 {[%clk 0:07:44]} Bd6 {[%clk 0:14:19]} 22. Rfc1
{[%clk 0:06:41]} c5 {[%clk 0:13:28]} 23. Qb2 {[%clk 0:04:31]} Bxe5
{[%clk 0:03:49]} 24. fxe5 {[%clk 0:04:22]} c4 {[%clk 0:02:25]} 25. Bxc4
{[%clk 0:03:00]} bxc4 {[%clk 0:02:11]} 26. Qxb7 {[%clk 0:03:09]} Rb8
{[%clk 0:01:41]} 27. Qc6 {[%clk 0:02:26]} Re8 {[%clk 0:00:40]} 28. Qxc4
{[%clk 0:02:04]} Rc8 {[%clk 0:00:35]} 1/2-1/2

[Event "V4Liptov2018"]
[Site "?"]
[Date "2018.06.27"]
[Round "8.25"]
[White "Demko, Robert"]
[Black "Vancura, Jakub"]
[Result "1/2-1/2"]
[BlackElo "1737"]
[WhiteElo "1806"]
[LiveChessVersion "1.4.8"]

1. d4 {[%clk 1:00:57]} Nf6 {[%clk 1:00:57]} 2. c4 {[%clk 1:01:20]} g6
{[%clk 1:01:25]} 3. Nc3 {[%clk 1:01:45]} d5 {[%clk 1:01:52]} 4. cxd5
{[%clk 1:02:05]} Nxd5 {[%clk 1:02:18]} 5. e4 {[%clk 1:02:28]} Nxc3
{[%clk 1:02:46]} 6. bxc3 {[%clk 1:02:55]} Bg7 {[%clk 1:03:12]} 7. Qa4+
{[%clk 1:02:18]} Bd7 {[%clk 1:01:50]} 8. Qa3 {[%clk 1:01:25]} O-O
{[%clk 1:01:41]} 9. Nf3 {[%clk 1:01:34]} e6 {[%clk 0:57:49]} 10. Bc4
{[%clk 1:00:56]} Bc6 {[%clk 0:56:26]} 11. Bd3 {[%clk 0:58:43]} b6
{[%clk 0:54:53]} 12. O-O {[%clk 0:57:59]} Bb7 {[%clk 0:54:46]} 13. Bg5
{[%clk 0:55:51]} Qd7 {[%clk 0:53:08]} 14. Rab1 {[%clk 0:51:03]} Rc8
{[%clk 0:50:10]} 15. Bb5 {[%clk 0:46:23]} c6 {[%clk 0:49:22]} 16. Ba4
{[%clk 0:45:58]} b5 {[%clk 0:49:37]} 17. Bc2 {[%clk 0:45:04]} a6 {[%clk 0:47:47]}
18. Be7 {[%clk 0:41:29]} Qe8 {[%clk 0:46:42]} 19. Rfd1 {[%clk 0:32:08]} Nd7
{[%clk 0:46:40]} 20. Bd6 {[%clk 0:31:35]} Bf8 {[%clk 0:45:26]} 21. c4
{[%clk 0:29:40]} Nb6 {[%clk 0:38:34]} 22. Bxf8 {[%clk 0:26:43]} Qxf8
{[%clk 0:38:11]} 23. Qxf8+ {[%clk 0:27:07]} Kxf8 {[%clk 0:38:37]} 24. Bb3
{[%clk 0:27:09]} Rab8 {[%clk 0:34:27]} 25. c5 {[%clk 0:27:02]} Nd7
{[%clk 0:34:36]} 26. Rd2 {[%clk 0:24:56]} Nf6 {[%clk 0:32:49]} 27. Bc2
{[%clk 0:24:48]} a5 {[%clk 0:32:18]} 28. Ne5 {[%clk 0:25:04]} Rd8
{[%clk 0:32:01]} 29. f3 {[%clk 0:23:07]} Nd7 {[%clk 0:32:06]} 30. Rbd1
{[%clk 0:22:28]} f6 {[%clk 0:31:06]} 31. Ng4 {[%clk 0:21:37]} Ke7
{[%clk 0:31:07]} 32. Ne3 {[%clk 0:21:33]} e5 {[%clk 0:28:54]} 33. dxe5
{[%clk 0:15:26]} Nxe5 {[%clk 0:29:08]} 34. Rd6 {[%clk 0:15:48]} Nf7
{[%clk 0:28:30]} 35. Rxd8 {[%clk 0:14:50]} Rxd8 {[%clk 0:28:51]} 36. Rxd8
{[%clk 0:15:16]} Nxd8 37. Ng4 {[%clk 0:13:25]} Ne6 {[%clk 0:27:24]} 38. Kf2
{[%clk 0:12:18]} Nxc5 {[%clk 0:27:19]} 39. Ke3 {[%clk 0:12:37]} Ne6
{[%clk 0:25:28]} 40. f4 {[%clk 0:12:32]} c5 {[%clk 0:23:05]} 41. g3
{[%clk 0:12:56]} Nd4 {[%clk 0:21:24]} 42. Bb1 {[%clk 0:13:00]} b4
{[%clk 0:19:13]} 43. e5 {[%clk 0:12:41]} fxe5 {[%clk 0:18:30]} 44. Nxe5
{[%clk 0:12:47]} Ba6 {[%clk 0:17:24]} 45. h4 {[%clk 0:11:47]} Ke6
{[%clk 0:15:00]} 46. g4 {[%clk 0:11:02]} Ne2 {[%clk 0:13:25]} 47. Bc2
{[%clk 0:10:39]} Nd4 {[%clk 0:11:36]} 48. Be4 {[%clk 0:09:25]} a4
{[%clk 0:11:08]} 49. Nxg6 {[%clk 0:07:05]} hxg6 {[%clk 0:11:29]} 50. Bxg6
{[%clk 0:07:34]} b3 {[%clk 0:11:32]} 51. axb3 {[%clk 0:07:31]} a3
{[%clk 0:08:58]} 52. Bb1 {[%clk 0:07:26]} Nxb3 {[%clk 0:07:51]} 53. h5
{[%clk 0:07:11]} Nc1 {[%clk 0:06:12]} 54. h6 {[%clk 0:06:56]} Kf7
{[%clk 0:06:31]} 55. g5 {[%clk 0:06:58]} a2 {[%clk 0:06:15]} 56. g6+
{[%clk 0:07:20]} Kg8 {[%clk 0:06:10]} 57. h7+ {[%clk 0:06:01]} Kh8
{[%clk 0:06:04]} 58. Bxa2 {[%clk 0:06:24]} Nxa2 {[%clk 0:06:30]} 59. f5
{[%clk 0:05:36]} Nc3 {[%clk 0:05:43]} 60. Kf4 {[%clk 0:04:26]} Bd3
{[%clk 0:03:35]} 61. Kg5 {[%clk 0:02:39]} Bxf5 {[%clk 0:02:11]} 62. Kxf5
{[%clk 0:03:01]} Kg7 {[%clk 0:01:49]} 63. Ke6 {[%clk 0:01:29]} Ne4
{[%clk 0:00:43]} 64. Kd5 {[%clk 0:00:38]} 1/2-1/2

[Event "V4Liptov2018"]
[Site "?"]
[Date "2018.06.27"]
[Round "8.26"]
[White "Oplustil, Pavel"]
[Black "Ochmyt, Jakub"]
[Result "0-1"]
[BlackElo "1787"]
[WhiteElo "1328"]
[LiveChessVersion "1.4.8"]

1. e4 {[%clk 0:54:09]} e6 {[%clk 1:00:42]} 2. d4 {[%clk 0:54:26]} d5
{[%clk 1:00:30]} 3. Nd2 {[%clk 0:53:50]} c5 {[%clk 0:59:52]} 4. c3
{[%clk 0:52:33]} Nc6 {[%clk 0:58:58]} 5. Ne2 {[%clk 0:38:39]} g6 {[%clk 0:53:09]}
6. e5 {[%clk 0:38:19]} cxd4 {[%clk 0:53:09]} 7. cxd4 {[%clk 0:38:33]} Nge7
{[%clk 0:50:19]} 8. Nb3 {[%clk 0:35:05]} Bg7 {[%clk 0:49:08]} 9. g3
{[%clk 0:33:50]} O-O {[%clk 0:48:47]} 10. Bg2 {[%clk 0:34:16]} b6
{[%clk 0:46:35]} 11. O-O {[%clk 0:34:38]} Ba6 {[%clk 0:46:35]} 12. Re1
{[%clk 0:32:51]} Nb4 {[%clk 0:44:55]} 13. Nc3 {[%clk 0:20:51]} Rc8
{[%clk 0:44:47]} 14. a3 {[%clk 0:20:46]} Nbc6 {[%clk 0:43:31]} 15. Be3
{[%clk 0:19:17]} Nf5 {[%clk 0:41:43]} 16. f4 {[%clk 0:17:31]} Nxe3
{[%clk 0:40:17]} 17. Rxe3 {[%clk 0:17:52]} Bc4 {[%clk 0:39:30]} 18. Nd2
{[%clk 0:18:14]} Nxd4 {[%clk 0:38:32]} 19. Nxc4 {[%clk 0:17:48]} dxc4
{[%clk 0:38:55]} 20. Qa4 {[%clk 0:14:53]} Qe8 {[%clk 0:33:06]} 21. Qxa7
{[%clk 0:12:19]} Nc2 {[%clk 0:33:05]} 22. Rae1 {[%clk 0:11:29]} Nxe3
{[%clk 0:32:57]} 23. Rxe3 {[%clk 0:11:54]} Qd8 {[%clk 0:30:39]} 24. Re2
{[%clk 0:10:40]} Qd4+ {[%clk 0:29:40]} 25. Kf1 {[%clk 0:10:04]} Rfd8
{[%clk 0:29:04]} 26. Nb5 {[%clk 0:07:17]} Qd1+ {[%clk 0:29:02]} 27. Kf2
{[%clk 0:07:41]} Bf8 {[%clk 0:28:26]} 28. Bf3 {[%clk 0:03:10]} Bc5+
{[%clk 0:27:29]} 29. Kg2 {[%clk 0:03:33]} Qg1+ {[%clk 0:27:25]} 30. Kh3
{[%clk 0:03:58]} Qf1+ {[%clk 0:27:28]} 31. Kg4 {[%clk 0:04:04]} h5+
{[%clk 0:27:01]} 32. Kg5 {[%clk 0:04:27]} Qxf3 {[%clk 0:27:25]} 33. Kf6
{[%clk 0:04:23]} Rf8 {[%clk 0:26:13]} 34. Rd2 {[%clk 0:04:33]} Qg4
{[%clk 0:24:06]} 35. Nd6 {[%clk 0:04:13]} Bxd6 {[%clk 0:24:26]} 36. Rxd6
{[%clk 0:03:31]} Rce8 {[%clk 0:24:43]} 37. Rxb6 {[%clk 0:02:06]} Qf5#
{[%clk 0:25:11]} 0-1